00954nam a2200205 a 450000100100000000500170001000800410002702000150006804000250008308200150010810000330012324501560015626001060031230000210041849000510043950000700049083000580056095201130061899900170073100004172920201002035724.0131016s1987 sp 000 0 spa d a8400065824 aDO-SdBNPbspacBNPHU axxxbA486m1 aAmasuno, Marcelino V.96856613aLa materia médica de Dioscorides en el lapidario de Alfonso X el sabio :bliteratura y ciencia en la Castilla del siglo XIII /cMarcelino V. Amasuno. aMadrid :bConsejo Superior de Investigaciones Científicas,bCentro de Estudios Históricos,c1987. a181 p. ;c18 cm.1 aCuadernos Galileo de historia de la cienciav9 aIncluye referencias bibliográficas y notas al pie de páginas. 0aCuadernos Galileo de historia de la ciencian9968567 001050718MOaGRbGRcCTd2013-10-16iLF1l0oxxx A486mp41729-10r2020-06-25w2020-06-25y1ZNo se presta c41218d41218